LEADER 01093nam a2200241 a 4500 001 000000115481 003 CaOOAMICUS 005 20090429145337.0 008 090429q18701940enkaf u000 uceng r 040 $aPUL$bita$dLDB 100 1 $aDickens, Charles,$d1812-1870.$0(OLS)http://pul/name/56535 245 14$aThe life and adventure of Martin Chuzzlewit /$cby Charles Dickens, with illustrations. 260 $aLondon :$bChapman and Hall,$c[1870-1940] 300 $av. :$bill., tav. ;$c20 cm 490 1 $aDicken's works 500 $aTitolo collettivo tratto dal dorso. 800 1 $aDickens, Charles,$d1812-1870.$tWorks.$0(OLS)http://pul/nameTitle/784$0(OLS)http://pul/name/56535$0(OLS)http://pul/title/117607 850 $aPUL 852 $aPUL$W1$xDP1 Fondo Fallaci$y66$mA VI 17$j132253$av. 1$qFondi$B131250$CPULBib$Z2$F131250 $82 941 1 $a1 961 $aEx libris Oriana FallaciSull'occh.: "Lee Edward Stern, 1964" 996 $6245$aThe life and adventure of Martin Chuzzlewit$9(OLS)http://pul/title/145108 996 $6260$aLondon :$bChapman and Hall$9(OLS)http://pul/publisher/58666 LEADER 01208nam a2200277 u 4500 001 000000066219 003 CaOOAMICUS 005 20070226121542.0 008 020109q it u000 u ita u 035 $a10915759 040 $aPUL(R)$bita 041 1 $aita$hlat 100 0 $aAnselmus,$cs., arciv. di Canterbury,$d1033-1109.$0(OLS)http://pul/name/1887 240 10$aMonologion.$lItaliano.$0(OLS)http://pul/title/87963 245 10$aMonologio /$cAnselmo d'Aosta ; traduzione, prefazione e note di Carmelo Ottaviano. 260 $aPalermo :$bIndustrie riunite editoriali siciliane,$c[s.d.] 300 $a144 p. ;$c22 cm 490 1 $aAntologia del pensiero Medioevale ;$v1 700 1 $aOttaviano, Carmelo,$d1906-$0(OLS)http://pul/name/5816 830 0$aAntologia del pensiero Medioevale ;$v1.$0(OLS)http://pul/title/87964 850 $aPUL 852 $aPUL$W1$xDP2 Filosofia 1$y62$m97 D 29$j85607$nBK-PRI$b $qStampati$B85607$CPULBib$Z2$F85607 $81 900 $aAnselmo,$cd'Aosta, s., arciv. di Canterbury,$d1033-1109$91887 941 1 $a8 996 $6245$aMonologio$9(OLS)http://pul/title/10670 996 $6260$aPalermo :$bIndustrie riunite editoriali siciliane$9(OLS)http://pul/publisher/50220